000 01084cam a22003135i 4500
001 3542147
003 EG-ScBUE
005 20250806092540.0
008 970311t1997 gw a f b 001 0 eng d
020 _a3527294821
020 _a9773527294825
040 _aEG-ScBUE
_beng
_erda
_cEG-ScBUE
_dEG-ScBUE
082 0 4 _222
_a546.24
_bPEA
100 1 _aPearson, Ralph G.,
_eauthor.
245 1 0 _aChemical hardness /
_cRalph G. Pearson, University of California, Santa Barbara.
264 1 _aWeinheim :
_bWiley-VCH,
_c[1997]
264 4 _cc1997
300 _ax, 198 pages :
_billustrations ;
_c25 cm
336 _2rdacontent
_atext
_btxt
337 _aunmediated
_2rdamedia
_bn
338 _avolume
_bnc
_2rdacarrier
504 _aIncludes bibliographical references and index.
650 7 _aAcid-base chemistry.
_2BUEsh
653 _bENGCHE
_cMay2018
655 _vReading book
856 4 2 _3Publisher description
_uhttp://www.loc.gov/catdir/description/wiley033/97011396.html
856 4 1 _3Table of contents
_uhttp://www.loc.gov/catdir/toc/wiley022/97011396.html
942 _2ddc
_cBB
999 _c26744
_d26716